00648nam a2200217 i 450000100060000000300090000600500170001500700030003200800410003502000180007610000290009424500840012326000350020730000220024249000250026450000120028950400280030160000440032983000250037385200320039874918ES-MaACL20230906172303.0t|040921s1985 sp ||||1| spa d a84-85041-90-91 aGonzález Santos, Luis.10aGodoy b: Príncipe de la Paz, siervo de la guerra / cLuis González Santos. a[Madrid] : bSílex, c[1985] a224 p. ; c21 cm.1 aRetratos de antaño aIndice. aBibliografía: p. 218.04aGodoy, Manuel de,cPríncipe de la Paz0 aRetratos de antaño aES-MaACLjL-8599 bR.108964